<?xml version="1.0" encoding="UTF-8"?>
<record
    xmlns:xsi="http://www.w3.org/2001/XMLSchema-instance"
    xsi:schemaLocation="http://www.loc.gov/MARC21/slim http://www.loc.gov/standards/marcxml/schema/MARC21slim.xsd"
    xmlns="http://www.loc.gov/MARC21/slim">

  <leader>02365nam a2200409 a 4500</leader>
  <controlfield tag="001">000041783</controlfield>
  <controlfield tag="003">DO-SdBNP</controlfield>
  <controlfield tag="005">20250318154433.0</controlfield>
  <controlfield tag="008">131017s1983    sp            000 0 spa d</controlfield>
  <datafield tag="020" ind1=" " ind2=" ">
    <subfield code="a">8400052471</subfield>
  </datafield>
  <datafield tag="040" ind1=" " ind2=" ">
    <subfield code="a">DO-SdBNP</subfield>
    <subfield code="b">spa</subfield>
    <subfield code="c">BNPHU</subfield>
  </datafield>
  <datafield tag="082" ind1=" " ind2="4">
    <subfield code="a">345.46026</subfield>
    <subfield code="2">22</subfield>
  </datafield>
  <datafield tag="100" ind1="1" ind2=" ">
    <subfield code="a">Muro Orej&#xF3;n, Antonio</subfield>
    <subfield code="9">64027</subfield>
  </datafield>
  <datafield tag="245" ind1="1" ind2="0">
    <subfield code="a">Pleitos Colombinos /</subfield>
    <subfield code="c">edici&#xF3;n preparada por Antonio Muro Orej&#xF3;n con la colaboraci&#xF3;n de  Florentino P&#xE9;rez-Embid, Jos&#xE9; Antonio Calderon Quijano, Francisco Morales Padron,  Tomas Mar&#xED;n Martinez ; versi&#xF3;n y revisi&#xF3;n paleogr&#xE1;fica de Jos&#xE9; Llavador Mira, Miguel Maticorena Estrada, Bibiano Torres Ram&#xED;rez, Consuelo Varela Bueno.</subfield>
    <subfield code="b">[Edici&#xF3;n preparada por Antonio Muro Orej&#xF3;n, con    la colaboraci&#xF3;n de Florentino P&#xE9;rez-Embid, et al.]</subfield>
  </datafield>
  <datafield tag="260" ind1=" " ind2=" ">
    <subfield code="a">Sevilla :</subfield>
    <subfield code="b">Escuela de Estudios Hispanoamericanos,</subfield>
    <subfield code="c">1983.</subfield>
  </datafield>
  <datafield tag="300" ind1=" " ind2=" ">
    <subfield code="a">v. ;</subfield>
    <subfield code="c">24 cm.</subfield>
  </datafield>
  <datafield tag="490" ind1="1" ind2=" ">
    <subfield code="a">Publicaciones de la escuela de estudios hispano-americanos de Sevilla</subfield>
    <subfield code="v">282</subfield>
  </datafield>
  <datafield tag="500" ind1=" " ind2=" ">
    <subfield code="a">Incluye &#xED;ndice</subfield>
  </datafield>
  <datafield tag="505" ind1="0" ind2=" ">
    <subfield code="g">v. 1. </subfield>
    <subfield code="t"> Proceso hasta la sentencia de Sevilla (1511).</subfield>
    <subfield code="g">v.2.</subfield>
    <subfield code="t">Pleitos sobre el Darien (1512-1519)</subfield>
    <subfield code="g">v.3.</subfield>
    <subfield code="t">Probanzas del Almirante de las Indias (1512-1515)</subfield>
    <subfield code="g">v. 4.</subfield>
    <subfield code="t">Probanzas del fiscal (1512-1515)</subfield>
    <subfield code="g">v.8. </subfield>
    <subfield code="t">Rollo del proceso sobre la    apelaci&#xF3;n de la sentencia de Due&#xF1;as, 1534-1536.</subfield>
  </datafield>
  <datafield tag="600" ind1=" " ind2="4">
    <subfield code="a">Ruiz, Pedro</subfield>
    <subfield code="d">Activo del siglo XV al siglo XVI</subfield>
    <subfield code="x">Juicios, litigios, etc.</subfield>
    <subfield code="9">77592</subfield>
  </datafield>
  <datafield tag="600" ind1=" " ind2="4">
    <subfield code="a">Col&#xF3;n, Diego,</subfield>
    <subfield code="d">-1526</subfield>
    <subfield code="x">Juicios, litigios, etc.</subfield>
    <subfield code="9">77593</subfield>
  </datafield>
  <datafield tag="600" ind1=" " ind2="4">
    <subfield code="a">Familia Col&#xF3;n</subfield>
    <subfield code="9">77594</subfield>
  </datafield>
  <datafield tag="650" ind1=" " ind2="4">
    <subfield code="a">Concesiones de tierras</subfield>
    <subfield code="x">Legislaci&#xF3;n</subfield>
    <subfield code="z">Am&#xE9;rica Latina</subfield>
    <subfield code="9">77595</subfield>
  </datafield>
  <datafield tag="651" ind1=" " ind2="4">
    <subfield code="a">Am&#xE9;rica --</subfield>
    <subfield code="x">Descubrimiento y exploraci&#xF3;n  --</subfield>
    <subfield code="x">Espa&#xF1;oles</subfield>
    <subfield code="9">544</subfield>
    <subfield code="v">Ensayo, conferencias, etc.</subfield>
  </datafield>
  <datafield tag="700" ind1="1" ind2=" ">
    <subfield code="a"> Perez-Embid, Florentino</subfield>
    <subfield code="e">colab.</subfield>
    <subfield code="9">64027</subfield>
  </datafield>
  <datafield tag="700" ind1="1" ind2=" ">
    <subfield code="a">Calder&#xF3;n Quijano, Jos&#xE9;  Antonio </subfield>
    <subfield code="9">15455</subfield>
    <subfield code="e">colab.</subfield>
  </datafield>
  <datafield tag="700" ind1="1" ind2=" ">
    <subfield code="a">Morales Padron, Francisco </subfield>
    <subfield code="e">colab.</subfield>
    <subfield code="9">15719</subfield>
  </datafield>
  <datafield tag="700" ind1="1" ind2=" ">
    <subfield code="a">Marin Martinez, Tomas </subfield>
    <subfield code="e">colab.</subfield>
    <subfield code="9">77596</subfield>
  </datafield>
  <datafield tag="700" ind1="1" ind2=" ">
    <subfield code="a">Llavador Mira, Jos&#xE9;</subfield>
    <subfield code="9">68642</subfield>
    <subfield code="e">colab. </subfield>
  </datafield>
  <datafield tag="700" ind1="1" ind2=" ">
    <subfield code="a">Lavador  Mira, Jos&#xE9;,</subfield>
    <subfield code="e">rev.</subfield>
    <subfield code="9">77597</subfield>
  </datafield>
  <datafield tag="700" ind1="1" ind2=" ">
    <subfield code="a">Maticorena Estrada, Jos&#xE9; </subfield>
    <subfield code="e">rev. </subfield>
    <subfield code="9">77598</subfield>
  </datafield>
  <datafield tag="700" ind1="1" ind2=" ">
    <subfield code="a">Torres Ram&#xED;rez, Bibiano</subfield>
    <subfield code="e">rev. </subfield>
    <subfield code="9">14974</subfield>
  </datafield>
  <datafield tag="700" ind1="1" ind2=" ">
    <subfield code="a">Varela Bueno, Consuelo </subfield>
    <subfield code="e">rev.</subfield>
    <subfield code="9">77599</subfield>
  </datafield>
  <datafield tag="830" ind1=" " ind2="0">
    <subfield code="a">Publicaciones de la escuela de estudios hispano-americanos de Sevilla ;</subfield>
    <subfield code="n">282</subfield>
    <subfield code="9">68643</subfield>
  </datafield>
  <datafield tag="910" ind1=" " ind2=" ">
    <subfield code="a">Validado. Control de calidad MFF</subfield>
  </datafield>
  <datafield tag="942" ind1=" " ind2=" ">
    <subfield code="2">ddc</subfield>
    <subfield code="c">LBS1</subfield>
  </datafield>
  <datafield tag="952" ind1=" " ind2=" ">
    <subfield code="0">0</subfield>
    <subfield code="1">0</subfield>
    <subfield code="2">ddc</subfield>
    <subfield code="5">1</subfield>
    <subfield code="7">2</subfield>
    <subfield code="8">MO</subfield>
    <subfield code="a">BNPHU</subfield>
    <subfield code="b">PD</subfield>
    <subfield code="c">HD</subfield>
    <subfield code="d">2013-10-17</subfield>
    <subfield code="i">LF1</subfield>
    <subfield code="l">0</subfield>
    <subfield code="o">BNPHU PD 345.46026 M977p</subfield>
    <subfield code="p">41783-10</subfield>
    <subfield code="r">2020-06-25</subfield>
    <subfield code="t">v.2</subfield>
    <subfield code="w">2020-06-25</subfield>
    <subfield code="y">LBS1</subfield>
  </datafield>
  <datafield tag="952" ind1=" " ind2=" ">
    <subfield code="0">0</subfield>
    <subfield code="1">0</subfield>
    <subfield code="2">ddc</subfield>
    <subfield code="5">1</subfield>
    <subfield code="7">1</subfield>
    <subfield code="8">MO</subfield>
    <subfield code="a">BNPHU</subfield>
    <subfield code="b">PD</subfield>
    <subfield code="c">HD</subfield>
    <subfield code="d">2013-10-17</subfield>
    <subfield code="i">LF1</subfield>
    <subfield code="l">0</subfield>
    <subfield code="o">BNPHU PD 345.46026  M977p </subfield>
    <subfield code="p">41783-20</subfield>
    <subfield code="r">2020-06-25</subfield>
    <subfield code="t">v.3</subfield>
    <subfield code="w">2020-06-25</subfield>
    <subfield code="y">LBS1</subfield>
  </datafield>
  <datafield tag="952" ind1=" " ind2=" ">
    <subfield code="0">0</subfield>
    <subfield code="1">0</subfield>
    <subfield code="2">ddc</subfield>
    <subfield code="5">1</subfield>
    <subfield code="7">1</subfield>
    <subfield code="8">MO</subfield>
    <subfield code="a">BNPHU</subfield>
    <subfield code="b">PD</subfield>
    <subfield code="c">HD</subfield>
    <subfield code="d">2013-10-24</subfield>
    <subfield code="i">LF1</subfield>
    <subfield code="l">0</subfield>
    <subfield code="o">BNPHU PD 345.46026 M977p </subfield>
    <subfield code="p">41783-30</subfield>
    <subfield code="r">2020-06-25</subfield>
    <subfield code="t">v.4</subfield>
    <subfield code="w">2020-06-25</subfield>
    <subfield code="y">LBS1</subfield>
  </datafield>
  <datafield tag="999" ind1=" " ind2=" ">
    <subfield code="c">41272</subfield>
    <subfield code="d">41272</subfield>
  </datafield>
</record>
